[Event "3rd int. open ARTEMIS CUP  Leros 2011"]
[Site "?"]
[Date "2011.07.15"]
[Round "5.5"]
[White "Horvath, Adam"]
[Black "Csonka, Attila Istvan"]
[Result "1/2-1/2"]
[WhiteElo "2478"]
[BlackElo "2373"]
[PlyCount "94"]
[EventDate "2011.07.12"]

1. e4 c6 2. d4 d5 3. Nc3 dxe4 4. Nxe4 Bf5 5. Ng3 Bg6 6. h4 h6 7. Nf3 Nd7 8. h5
Bh7 9. Bd3 Bxd3 10. Qxd3 Ngf6 11. Bf4 Qa5+ 12. Bd2 Qc7 13. O-O-O e6 14. Ne4
Nxe4 15. Qxe4 Nf6 16. Qe2 O-O-O 17. g3 Bd6 18. c4 c5 19. Bc3 cxd4 20. Nxd4 a6
21. Kb1 Bc5 22. Nb3 Rxd1+ 23. Rxd1 Rd8 24. Rxd8+ Kxd8 25. Qd2+ Ke8 26. Bxf6
gxf6 27. Nxc5 Qxc5 28. Qxh6 Qxf2 29. Qf4 Qe1+ 30. Kc2 Qe2+ 31. Kc3 e5 32. Qxf6
Qxh5 33. g4 Qh3+ 34. Kb4 Qh2 35. Kb3 Qg3+ 36. Kb4 e4 37. Qf5 e3 38. Qc8+ Ke7
39. Qxb7+ Kf8 40. Qc8+ Kg7 41. Qc5 Qe1+ 42. Ka3 Qd2 43. Qg5+ Kf8 44. Qc5+ Ke8
45. Qe5+ Kd7 46. Qf5+ Ke7 47. Qe5+ Kd7 1/2-1/2

[Event "3rd int. open ARTEMIS CUP  Leros 2011"]
[Site "?"]
[Date "2011.07.15"]
[Round "5.6"]
[White "Matthiesen, Arne"]
[Black "Bokros, Albert"]
[Result "1-0"]
[WhiteElo "2313"]
[BlackElo "2470"]
[PlyCount "107"]
[EventDate "2011.07.12"]

1. c4 e5 2. g3 Nf6 3. Bg2 d5 4. cxd5 Nxd5 5. Nc3 Nb6 6. Nf3 Nc6 7. O-O Be7 8.
a3 O-O 9. d3 Re8 10. Be3 Bf8 11. Rc1 Nd4 12. Ne4 c6 13. Nc5 Nxf3+ 14. Bxf3 Nd5
15. Bd2 a5 16. Qb3 Bxc5 17. Rxc5 a4 18. Qc2 Qd6 19. Rc1 Be6 20. Rc4 Nb6 21. Rb4
Bb3 22. Qc5 Qxc5 23. Rxc5 Nd7 24. Rc1 Reb8 25. d4 Be6 26. Kg2 f6 27. dxe5 Nxe5
28. Bf4 Ra5 29. Bxe5 fxe5 30. Bxc6 Bd5+ 31. Bxd5+ Rxd5 32. Rc7 b5 33. Kf3 Rd6
34. Rc5 Rf6+ 35. Ke3 Rbf8 36. f3 Rh6 37. Rcxb5 Rxh2 38. Rxe5 Rg2 39. g4 Rc8 40.
Rxa4 Rc2 41. Ra8+ Kf7 42. Ra7+ Kf6 43. Rf5+ Ke6 44. Ra6+ Kd7 45. Ra7+ Ke6 46.
Rxg7 Rgxe2+ 47. Kf4 Rxb2 48. Rxh7 Rb3 49. Rh6+ Ke7 50. Ra5 Kf7 51. Ra7+ Kg8 52.
Rd6 Re8 53. Rg6+ Kh8 54. Rf6 1-0

[Event "3rd int. open ARTEMIS CUP  Leros 2011"]
[Site "?"]
[Date "2011.07.15"]
[Round "5.7"]
[White "Zygouris, Hristos"]
[Black "Meszaros, Tamas"]
[Result "0-1"]
[WhiteElo "2240"]
[BlackElo "2462"]
[PlyCount "76"]
[EventDate "2011.07.12"]

1. c4 e5 2. g3 Nf6 3. Bg2 d5 4. cxd5 Nxd5 5. Nc3 Nb6 6. Nf3 Nc6 7. O-O Be7 8.
a3 O-O 9. b4 Re8 10. Rb1 Bf8 11. d3 a5 12. b5 Nd4 13. Nd2 a4 14. Bb2 Ra5 15.
Nc4 Nxc4 16. dxc4 Bf5 17. Ne4 Bg4 18. f3 Bf5 19. e3 Bxe4 20. fxe4 Ne6 21. Bxe5
Bxa3 22. Qh5 Qe7 23. Bc3 Ra7 24. e5 Bc5 25. Rbe1 a3 26. Be4 g6 27. Qe2 Bb4 28.
Bxb4 Qxb4 29. Bd5 Qe7 30. Qa2 Rf8 31. Rf6 Nd8 32. b6 cxb6 33. Ref1 Qxe5 34. c5
bxc5 35. Bxf7+ Kg7 36. R6f3 b5 37. Bd5 Rxf3 38. Rxf3 c4 0-1

[Event "3rd int. open ARTEMIS CUP  Leros 2011"]
[Site "?"]
[Date "2011.07.15"]
[Round "5.10"]
[White "Spiropoulos, Panagiotis I"]
[Black "Zawadzka, Jolanta"]
[Result "0-1"]
[WhiteElo "2086"]
[BlackElo "2405"]
[PlyCount "116"]
[EventDate "2011.07.12"]

1. e4 e5 2. Bc4 Nf6 3. d3 Nc6 4. Nf3 Bc5 5. c3 d6 6. O-O O-O 7. Nbd2 a6 8. Bb3
h6 9. Nc4 Ba7 10. Be3 b5 11. Ncd2 Re8 12. Bxa7 Nxa7 13. Re1 c5 14. Nf1 Nc6 15.
Ne3 Bb7 16. Nd5 Na5 17. Nxf6+ Qxf6 18. Bd5 Rab8 19. a4 Bxd5 20. exd5 b4 21. c4
e4 22. dxe4 Nxc4 23. Qe2 Na5 24. Qxa6 Ra8 25. Qe2 Nb3 26. Ra2 Rec8 27. Nd2 c4
28. Nxc4 Nd4 29. Qd3 b3 30. Raa1 Nc2 31. Nb6 Nxe1 32. Rxe1 Rc2 33. Rf1 Ra7 34.
Qxb3 Rxb2 35. Qe3 Rb4 36. Nc4 Raxa4 37. Nd2 Qd4 38. Qh3 Ra8 39. Rc1 g6 40. Nf3
Qxe4 41. Qxh6 Rb1 42. h3 Rxc1+ 43. Qxc1 Qxd5 44. Qh6 Qf5 45. Kh2 Ra4 46. Kg3 d5
47. Qe3 Re4 48. Qd2 d4 49. Kh2 Qf4+ 50. Qxf4 Rxf4 51. Kg1 Re4 52. Kf1 d3 53. g3
Kg7 54. h4 f5 55. Kg2 Ra4 56. Kf1 Ra1+ 57. Kg2 Kf6 58. Kh2 Ra2 0-1

[Event "3rd int. open ARTEMIS CUP  Leros 2011"]
[Site "?"]
[Date "2011.07.17"]
[Round "7.2"]
[White "Mirzoev, Azer"]
[Black "Gordon, Stephen J"]
[Result "1-0"]
[WhiteElo "2415"]
[BlackElo "2533"]
[PlyCount "65"]
[EventDate "2011.07.12"]

1. d4 Nf6 2. Nf3 e6 3. c4 b6 4. Nc3 Bb4 5. Qc2 Bb7 6. a3 Bxc3+ 7. Qxc3 Ne4 8.
Qc2 O-O 9. g3 d5 10. Bg2 Nd7 11. O-O c5 12. cxd5 exd5 13. dxc5 bxc5 14. Rd1 Re8
15. Nd2 Ndf6 16. Nxe4 Nxe4 17. Bxe4 Rxe4 18. Qxe4 dxe4 19. Rxd8+ Rxd8 20. Be3
c4 21. Rc1 Ba6 22. Kf1 Rd7 23. Ke1 f6 24. Rd1 Rb7 25. Rd8+ Kf7 26. Bd4 Bb5 27.
Ra8 a6 28. Kd2 g5 29. Ke3 Re7 30. a4 Bxa4 31. Rxa6 Bd7 32. Rxf6+ Kg8 33. Rb6
1-0

[Event "3rd int. open ARTEMIS CUP  Leros 2011"]
[Site "?"]
[Date "2011.07.17"]
[Round "7.6"]
[White "Borsuk, Angela"]
[Black "Jeremic, Veljko"]
[Result "0-1"]
[WhiteElo "2254"]
[BlackElo "2519"]
[PlyCount "77"]
[EventDate "2011.07.12"]

1. d4 Nf6 2. c4 g6 3. Nc3 d5 4. Nf3 Bg7 5. cxd5 Nxd5 6. e4 Nxc3 7. bxc3 c5 8.
Bb5+ Nd7 9. O-O O-O 10. a4 a6 11. Bd3 cxd4 12. cxd4 Nc5 13. Bc2 Bg4 14. Be3
Bxf3 15. gxf3 Ne6 16. e5 Qd7 17. Rb1 Rad8 18. Be4 b5 19. axb5 axb5 20. Qd3 Bxe5
21. dxe5 Qxd3 22. Bxd3 Rxd3 23. Rxb5 g5 24. Ra1 Rd7 25. h4 h6 26. hxg5 hxg5 27.
Rb4 Rd5 28. f4 gxf4 29. Bxf4 Nxf4 30. Rxf4 Rxe5 31. Rg4+ Kh7 32. Ra3 Kh6 33.
Rag3 Rd8 34. Kg2 Rdd5 35. f4 Rd2+ 36. Kf3 Rh5 37. Rg1 Rd8 38. Kg2 Rhd5 39. Kf3
0-1

[Event "3rd int. open ARTEMIS CUP  Leros 2011"]
[Site "?"]
[Date "2011.07.17"]
[Round "7.7"]
[White "Bokros, Albert"]
[Black "Paulet, Iozefina"]
[Result "1/2-1/2"]
[WhiteElo "2470"]
[BlackElo "2233"]
[PlyCount "86"]
[EventDate "2011.07.12"]

1. e4 c5 2. Nf3 d6 3. d4 cxd4 4. Qxd4 a6 5. Bg5 Nc6 6. Qd2 h6 7. Bh4 g5 8. Bg3
Nf6 9. Nc3 Bg7 10. O-O-O Be6 11. Bd3 Qa5 12. Rhe1 Ng4 13. a3 Qb6 14. h4 Nge5
15. hxg5 Nxf3 16. gxf3 hxg5 17. f4 Bg4 18. Be2 Bxe2 19. Rxe2 Na5 20. Qe3 Qxe3+
21. Rxe3 Nc4 22. Red3 gxf4 23. Bxf4 Rc8 24. Rg1 Bf6 25. a4 Kd7 26. b3 Ne5 27.
Bxe5 Bxe5 28. Nd5 Rcg8 29. Rgd1 Rh4 30. Re1 Rg2 31. Rf3 f6 32. Ne3 Rgh2 33. Nf1
Rh1 34. Kd2 Rg4 35. Rd3 Rg2 36. Ke2 Rh4 37. Nd2 Rf4 38. Rf3 Rxf3 39. Nxf3 Rg4
40. Nxe5+ fxe5 41. Ke3 Rh4 42. Rg1 Rh3+ 43. Rg3 Rh1 1/2-1/2

[Event "3rd int. open ARTEMIS CUP  Leros 2011"]
[Site "?"]
[Date "2011.07.17"]
[Round "7.8"]
[White "Spiropoulos, Panagiotis I"]
[Black "Meszaros, Tamas"]
[Result "0-1"]
[WhiteElo "2086"]
[BlackElo "2462"]
[PlyCount "78"]
[EventDate "2011.07.12"]

1. e4 c5 2. Nf3 Nc6 3. d4 cxd4 4. Nxd4 Qc7 5. Nc3 e6 6. Be3 Nf6 7. Be2 a6 8. a4
Bb4 9. f3 d5 10. O-O Nxd4 11. Qxd4 Bd6 12. f4 e5 13. fxe5 Bxe5 14. Nxd5 Nxd5
15. Qxd5 Be6 16. Qc5 Bxh2+ 17. Kh1 Qxc5 18. Bxc5 Be5 19. c3 O-O-O 20. Be3 h5
21. b4 h4 22. Rad1 Rxd1 23. Rxd1 Bb3 24. Bg4+ Kb8 25. Rf1 f6 26. a5 Bxc3 27.
Bf4+ Be5 28. Bxe5+ fxe5 29. Rc1 Ba4 30. Rc5 Re8 31. Kh2 Bc6 32. Bf5 Kc7 33. Kh3
Kd6 34. Kxh4 Rg8 35. Bg6 Rf8 36. Bf5 Bxe4 37. Bh3 Rf4+ 38. Kh5 Bc6 39. Kg6 Bxg2
0-1

[Event "3rd int. open ARTEMIS CUP  Leros 2011"]
[Site "?"]
[Date "2011.07.17"]
[Round "7.9"]
[White "Pavlidou, Ekaterini"]
[Black "Zawadzka, Jolanta"]
[Result "0-1"]
[WhiteElo "2220"]
[BlackElo "2405"]
[PlyCount "68"]
[EventDate "2011.07.12"]

1. d4 d5 2. c4 c6 3. Nf3 e6 4. Nc3 dxc4 5. a4 Bb4 6. Bd2 a5 7. e3 b5 8. axb5
Bxc3 9. Bxc3 cxb5 10. b3 Bb7 11. d5 Nf6 12. Bxf6 Qxf6 13. bxc4 O-O 14. Qd4 b4
15. Qxf6 gxf6 16. dxe6 fxe6 17. Nd4 Nd7 18. Nxe6 Rfc8 19. Be2 a4 20. O-O Ne5
21. c5 Bd5 22. Nf4 Bf7 23. Nh5 f5 24. Nf6+ Kg7 25. f4 Kxf6 26. fxe5+ Kxe5 27.
e4 f4 28. g3 f3 29. Bxf3 Be6 30. Rfb1 b3 31. Bd1 Rxc5 32. Kf2 Rc3 33. Ra3 Kd4
34. Rb2 Kc4 0-1

[Event "3rd int. open ARTEMIS CUP  Leros 2011"]
[Site "?"]
[Date "2011.07.18"]
[Round "8.1"]
[White "Mastrovasilis, Athanasios"]
[Black "Mirzoev, Azer"]
[Result "1/2-1/2"]
[WhiteElo "2537"]
[BlackElo "2415"]
[PlyCount "33"]
[EventDate "2011.07.12"]

1. d4 d5 2. c4 dxc4 3. Nf3 a6 4. e3 b5 5. a4 Bb7 6. axb5 axb5 7. Rxa8 Bxa8 8.
b3 e6 9. bxc4 bxc4 10. Bxc4 Nf6 11. Qa4+ Nbd7 12. Bb5 Bxf3 13. gxf3 Be7 14. Nd2
O-O 15. O-O c5 16. Bb2 Nb6 17. Qa7 1/2-1/2

[Event "3rd int. open ARTEMIS CUP  Leros 2011"]
[Site "?"]
[Date "2011.07.18"]
[Round "8.3"]
[White "Nikolaidis, Ioannis"]
[Black "Gordon, Stephen J"]
[Result "1/2-1/2"]
[WhiteElo "2545"]
[BlackElo "2533"]
[PlyCount "31"]
[EventDate "2011.07.12"]

1. d4 Nf6 2. c4 e6 3. g3 d5 4. Bg2 Bb4+ 5. Nd2 O-O 6. Ngf3 b6 7. O-O Bb7 8. b3
dxc4 9. Nxc4 b5 10. a3 Be7 11. Nce5 Nbd7 12. Nxd7 Nxd7 13. Qd3 Rb8 14. Bf4 Bd6
15. Rfc1 h6 16. Bxd6 1/2-1/2

[Event "3rd int. open ARTEMIS CUP  Leros 2011"]
[Site "?"]
[Date "2011.07.18"]
[Round "8.6"]
[White "Horvath, Adam"]
[Black "Matthiesen, Arne"]
[Result "1-0"]
[WhiteElo "2478"]
[BlackElo "2313"]
[PlyCount "59"]
[EventDate "2011.07.12"]

1. e4 e6 2. d4 d5 3. Nc3 Nf6 4. Bg5 dxe4 5. Nxe4 Nbd7 6. Nf3 Be7 7. Nxf6+ Bxf6
8. Bxf6 Qxf6 9. Bd3 c5 10. Qd2 cxd4 11. O-O-O O-O 12. Ng5 Nc5 13. Bxh7+ Kh8 14.
f4 b6 15. Be4 Nxe4 16. Nxe4 Qg6 17. Qxd4 e5 18. Qxe5 f6 19. Qd5 Bg4 20. Rd2
Rac8 21. Nd6 Rc5 22. Qd3 Qh5 23. Qe4 Bf5 24. Nxf5 Rxf5 25. Rhd1 Rc5 26. Rd3 Qf7
27. Rh3+ Rh5 28. Rd7 Qxd7 29. Rxh5+ Kg8 30. Qd5+ 1-0

[Event "3rd int. open ARTEMIS CUP  Leros 2011"]
[Site "?"]
[Date "2011.07.18"]
[Round "8.7"]
[White "Bokros, Albert"]
[Black "Pavlidis, Anastasios"]
[Result "0-1"]
[WhiteElo "2470"]
[BlackElo "2323"]
[PlyCount "70"]
[EventDate "2011.07.12"]

1. e4 c5 2. Nf3 d6 3. d4 cxd4 4. Nxd4 Nf6 5. f3 e5 6. Nb3 Be7 7. c4 a5 8. Be3
a4 9. N3d2 Qa5 10. Be2 Bd8 11. Na3 O-O 12. Nb5 Bb6 13. Bxb6 Qxb6 14. Nb1 Rd8
15. N1c3 a3 16. b3 Bd7 17. Qxd6 Nc6 18. O-O-O Be8 19. c5 Qa5 20. Qc7 Qb4 21.
Rxd8 Rxd8 22. Rd1 Rxd1+ 23. Bxd1 Na7 24. Nxa7 Qxc3+ 25. Bc2 Qe1+ 26. Bd1 Qc3+
27. Bc2 Qe3+ 28. Kd1 Qg1+ 29. Kd2 Qxg2+ 30. Kc3 Qxf3+ 31. Kc4 Qf2 32. Kd3 Qd4+
33. Ke2 Ng4 34. Kf3 Qf2+ 35. Kxg4 h5+ 0-1

[Event "3rd int. open ARTEMIS CUP  Leros 2011"]
[Site "?"]
[Date "2011.07.18"]
[Round "8.8"]
[White "Paulet, Iozefina"]
[Black "Devereaux, Maxim L"]
[Result "1/2-1/2"]
[WhiteElo "2233"]
[BlackElo "2376"]
[PlyCount "86"]
[EventDate "2011.07.12"]

1. e4 e5 2. Nf3 Nc6 3. Bb5 a6 4. Ba4 Nf6 5. O-O Be7 6. Re1 b5 7. Bb3 O-O 8. a4
b4 9. d3 d6 10. Nbd2 Na5 11. Ba2 c5 12. Nc4 Rb8 13. Nxa5 Qxa5 14. Nh4 Bg4 15.
Nf3 Kh8 16. Bb3 Ng8 17. h3 Be6 18. Bxe6 fxe6 19. Ng5 Bxg5 20. Bxg5 h6 21. Be3
Rf6 22. Rf1 Rbf8 23. Qg4 Qc7 24. c3 bxc3 25. bxc3 Ne7 26. Rab1 Rb8 27. Qe2 Nc6
28. Rxb8+ Qxb8 29. Qa2 Qc7 30. Rb1 Qa5 31. Qc4 Kh7 32. Rb7 Rg6 33. Kh2 Nd8 34.
Ra7 Qb6 35. Qxa6 Qb1 36. Qxd6 Qf1 37. g3 Rf6 38. Qxc5 Nc6 39. Rc7 Nd4 40. cxd4
Rxf2+ 41. Bxf2 Qxf2+ 42. Kh1 Qf1+ 43. Kh2 Qf2+ 1/2-1/2

[Event "3rd int. open ARTEMIS CUP  Leros 2011"]
[Site "?"]
[Date "2011.07.18"]
[Round "8.9"]
[White "Csonka, Attila Istvan"]
[Black "Partac, Elena"]
[Result "1-0"]
[WhiteElo "2373"]
[BlackElo "2106"]
[PlyCount "87"]
[EventDate "2011.07.12"]

1. e4 c5 2. Nf3 Nc6 3. d4 cxd4 4. Nxd4 g6 5. Nb3 Bg7 6. Be2 Nf6 7. Nc3 d6 8.
O-O O-O 9. Re1 Be6 10. Bf1 Rc8 11. Nd5 Ne5 12. c3 Re8 13. f3 Bd7 14. Be3 Nxd5
15. exd5 a6 16. a4 Nc4 17. Bxc4 Rxc4 18. Nd2 Rc8 19. a5 e5 20. Qb3 Rb8 21. Qb4
Bf5 22. Nc4 Bf8 23. Bb6 Qh4 24. Bf2 Qe7 25. Rad1 h5 26. Ne3 Bc8 27. Qb6 Qd8 28.
Nc4 Qxb6 29. Nxb6 Bf5 30. h3 g5 31. g4 hxg4 32. hxg4 Bc8 33. Kg2 Kg7 34. c4 f5
35. Kg3 Kg6 36. b4 Bg7 37. c5 e4 38. Bd4 f4+ 39. Kf2 e3+ 40. Kg2 Be5 41. Bxe5
dxe5 42. c6 Bxg4 43. fxg4 e4 44. c7 1-0

[Event "3rd int. open ARTEMIS CUP  Leros 2011"]
[Site "?"]
[Date "2011.07.18"]
[Round "8.10"]
[White "Kerigan, Demre"]
[Black "Estremera Panos, Sergio"]
[Result "0-1"]
[WhiteElo "2197"]
[BlackElo "2364"]
[PlyCount "42"]
[EventDate "2011.07.12"]

1. e4 c5 2. Nf3 d6 3. d4 cxd4 4. Nxd4 Nf6 5. Nc3 a6 6. Bg5 e6 7. Qd2 Be7 8. f3
Nc6 9. O-O-O Nxd4 10. Qxd4 O-O 11. h4 b5 12. Kb1 Bb7 13. g4 Rc8 14. Qd2 b4 15.
Ne2 Nxe4 16. Qxb4 Qc7 17. Rc1 Nxg5 18. hxg5 Bxg5 19. Nf4 a5 20. Qd2 d5 21. Qe3
h6 0-1